00845cam a22002411 4500001001300000003000400013005001700017008004100034010001700075040001800092041001100110043001200121050002300133100003100156245006000187250005000247260008500297300002900382490008500411650004900496650004100545999001700586sa 68005988 DLC20260227112512.0711028s1959 ii 000 0 eng  asa 68005988  aDLCcDLCdDLC1 aengdra aa-ii---00aPL4951.E3bG6 19591 aGover, Charles E.,d-1872.14aThe folk-songs of Southern India,cby Charles E. Gover. a[2d ed.]bWith a foreword by M. K. Shanmugam. aTirunelveli,bSouth India Saiva Siddhanta Works Pub. Society, Tinnevellyc[1959] axi, xxiv, 300 p.c19 cm.0 aSouth Indian Saiva Siddhanta Works Pub. Society, Tinnevelly. Publication no. 965 0aDravidian poetryxTranslations into English. 0aFolk songs, DravidianzIndiaxTexts. c81043d81043